ILLIT - Paroles Do The Dance - Statistiques

Statistiques générales
  • Ce quiz a été pris 39 fois
  • Le résultat moyen est 168 sur 235
Statistiques - réponses
Hint Réponse % Correct
da
90%
Da
90%
a
81%
(A
81%
a,
81%
ah,
81%
dance,
81%
Refrain Dance,
81%
dance?
81%
dance
81%
do,
81%
do)
81%
do
81%
Post-refrain Do,
81%
(Do
81%
to
81%
aime
76%
avec
76%
danser
76%
(I
76%
I
76%
J'
76%
Couplet 1 ooh
76%
dance,
71%
toi
71%
yeah,
71%
yeah
71%
la
67%
la,
67%
(Like
67%
wanna
67%
ya,
67%
curious,
62%
fabulous
62%
oui)
62%
roller
62%
So
62%
so
62%
the
62%
The
62%
you)
62%
you
62%
little,
57%
little
57%
carnival,
52%
say,
52%
for
48%
little,
48%
little
48%
ride)
48%
coaster
43%
fool,
43%
heart
43%
My
43%
feel
38%
rush
38%
yes
38%
it,
33%
shy
33%
starts
33%
date
29%
Pré-refrain blush,
24%
parade
14%
Aucun quiz correspondant
Distribution des résultats
% des personnes avec chaque résultat
Percentile par nombre de réponses
Votre historique - résultats
Vous n’avez pas pris ce quiz